[Event "WY GU18 2012"]
[Site "Maribor SLO"]
[Date "2012.11.16"]
[Round "9.4"]
[White "Arabidze,M"]
[Black "Saranya,J"]
[Result "0-1"]
[WhiteElo "2391"]
[BlackElo "2166"]

1.d4 Nf6 2.c4 g6 3.Nf3 Bg7 4.g3 d6 5.Bg2 O-O 6.O-O c6 7.Nc3 Qa5 8.e4 Qh5
9.e5 dxe5 10.Nxe5 Qxd1 11.Rxd1 Rd8 12.b3 Bf5 13.Ba3 Re8 14.f4 Nbd7 15.Rac1 Rad8
16.h3 h5 17.d5 cxd5 18.g4 hxg4 19.hxg4 Nxg4 20.Nxd5 Ndxe5 21.Nxe7+ Kh7 22.Rxd8 Rxd8
23.fxe5 Bh6 24.Rf1 Be3+ 25.Kh1 Rh8 26.Bxb7 Kg7+ 27.Kg2 Rh2+ 28.Kg3 Bf2+ 29.Rxf2 Rxf2
30.Nxf5+ gxf5 31.Bd6 Rc2 32.c5 Rc3+ 33.Kg2 f4 34.Be4 Rg3+ 35.Kf1 Nh2+ 36.Kf2 Ng4+
37.Kf1 Nh2+ 38.Kf2 Ng4+ 39.Kf1 f3 40.e6 Rh3 41.Kg1 f2+ 42.Kg2 fxe6 43.Kxh3 f1=Q+
44.Kxg4 Kf6 45.Bc6 Qe2+ 46.Bf3 Qc2 47.Bc6 e5 48.Bb5 Qg2+ 49.Kh4 Kf5 50.Bd7+ Kf4  0-1

[Event "WY BU18 2012"]
[Site "Maribor SLO"]
[Date "2012.11.16"]
[Round "9.24"]
[White "Petrosyan,T1"]
[Black "Stegariu,V"]
[Result "1/2-1/2"]
[WhiteElo "2378"]
[BlackElo "2217"]

1.d4 Nf6 2.c4 g6 3.Nf3 Bg7 4.g3 O-O 5.Bg2 d6 6.O-O Nc6 7.Nc3 a6 8.b3 Rb8
9.Nd5 b5 10.Nxf6+ Bxf6 11.Bh6 Re8 12.Rc1 e5 13.dxe5 Nxe5 14.cxb5 axb5 15.Nd4 Bb7
16.Nc6 Nxc6 17.Bxc6 Bxc6 18.Rxc6 Rb7 19.Qd3 Bg5 20.Bxg5 Qxg5 21.Rfc1 Qe5
22.e3 Ra8 23.Rxc7 Rxc7 24.Rxc7 Rxa2 25.e4 Ra1+ 26.Kg2 Re1 27.Qf3 Qe6 28.Rb7 Rxe4
29.Rxb5 Re1 30.Rd5 Qd7 31.b4 Rb1 32.Rd4 Qb5  1/2-1/2

[Event "11th Kheireddine Ameyar Mem 2012"]
[Site "Algiers ALG"]
[Date "2012.11.17"]
[Round "4.2"]
[White "Barsov,A"]
[Black "Haddouche,M"]
[Result "0-1"]
[WhiteElo "2508"]
[BlackElo "2440"]

1.d4 d6 2.Nf3 Nf6 3.c4 g6 4.g3 Bg7 5.Bg2 O-O 6.O-O Nbd7 7.Nc3 e5 8.h3 exd4
9.Nxd4 Nb6 10.b3 d5 11.Ba3 Re8 12.c5 Nbd7 13.c6 Ne5 14.cxb7 Bxb7 15.Rc1 Rc8
16.Na4 Ne4 17.Rc2 Qf6 18.Nf3 Nxf3+ 19.exf3 Nd6 20.Nc5 Ba8 21.Qd3 Qf5 22.f4 Ne4
23.Nxe4 dxe4 24.Qe3 Rcd8 25.Bb2 Bxb2 26.Rxb2 Qa5 27.b4 Qb6 28.Qxb6 cxb6 29.Rc1 e3
30.Bf1 Rd2 31.Rxd2 exd2 32.Rd1 Re1 33.Rxd2 Bc6 34.a4 Bxa4 35.Kg2 Rb1 36.Rd4 Bc6+
37.f3 a5 38.Rc4 Rb2+ 39.Kg1 Bxf3 40.bxa5 bxa5 41.Rc5 Ra2 42.Bc4 Ra4 43.Bb3 Ra3
44.Bc4 Bb7 45.Rb5 Rxg3+ 46.Kf2 Rf3+ 47.Ke1 Rc3 48.Ke2 Kg7 49.Rb6 Bc8 50.Bd5 Rxh3
51.Rc6 Bg4+ 52.Kf2 a4 53.Rc7 Kf8 54.Rxf7+ Ke8 55.Ra7 a3  0-1

[Event "TCh-FIN SM 2012-13"]
[Site "Salo FIN"]
[Date "2012.11.17"]
[Round "6.5"]
[White "Issakainen,A"]
[Black "Pihlajasalo,H"]
[Result "1-0"]
[WhiteElo "2212"]
[BlackElo "2261"]

1.d4 Nf6 2.c4 g6 3.g3 Bg7 4.Bg2 O-O 5.Nf3 d6 6.O-O Nbd7 7.Nc3 e5 8.h3 c6
9.e4 Qa5 10.Re1 exd4 11.Nxd4 Ne5 12.Bf1 Re8 13.Nb3 Qc7 14.f4 Ned7 15.Qf3 a5
16.Be3 a4 17.Nd4 Nc5 18.Bf2 Qa5 19.Rad1 Nfd7 20.Nc2 Qc7 21.Kh2 b6 22.Bd4 Bf8
23.Rd2 Ne6 24.Bf2 Bb7 25.Qd1 Ndc5 26.Bg2 Rad8 27.Ne3 Bg7 28.Nxa4 Nxa4 29.Qxa4 Ra8
30.Qb3 Nc5 31.Qc2 Rxa2 32.Qb1 Rea8 33.Red1 Ra1 34.Qc2 R1a2 35.Rb1 Ne6 36.Nd1 h5
37.Nc3 R2a5 38.Rbd1 Bf8 39.f5 Ng7 40.b4 Ra3 41.h4 Bc8 42.Bh3 Ra1 43.Bd4 Rxd1
44.Rxd1 Bd7 45.Rf1 Rb8 46.Qd2 Qc8 47.Qh6 Qe8 48.b5 Ra8 49.Rf2  1-0

[Event "11th Kheireddine Ameyar Mem 2012"]
[Site "Algiers ALG"]
[Date "2012.11.19"]
[Round "6.4"]
[White "Barsov,A"]
[Black "Bouhaddad,A"]
[Result "1-0"]
[WhiteElo "2508"]
[BlackElo "2156"]

1.d4 Nf6 2.Nf3 g6 3.c4 Bg7 4.g3 O-O 5.Bg2 d6 6.O-O Nbd7 7.Nc3 e5 8.e4 c6
9.h3 a5 10.Re1 exd4 11.Nxd4 Re8 12.b3 Nc5 13.Bf4 a4 14.Rb1 axb3 15.axb3 Ra3
16.Qc2 Nfd7 17.Bc1 Ra8 18.Be3 Ne5 19.Red1 Qe7 20.f4 Ned7 21.Bf2 Nf6 22.Re1 Qc7
23.b4 Ne6 24.Nf3 Nf8 25.Rbd1 Be6 26.Bf1 Ra3 27.Nd4 Rea8 28.Qd2 Bd7 29.Rc1 Ne6
30.Bg2 Nxd4 31.Bxd4 Be6 32.Ne2 Nh5 33.Bxg7 Nxg7 34.Rc2 f5 35.Kh2 fxe4 36.Bxe4 Nf5
37.Nd4 Nxd4 38.Qxd4 Ra2 39.Ree2 Rxc2 40.Rxc2 Qd7 41.g4 Rf8 42.Kg3 Rd8 43.Rd2 Qg7
44.c5 Qxd4 45.Rxd4 d5 46.Bd3 Ra8 47.f5 gxf5 48.gxf5 Bf7 49.Kf4 Re8 50.Kg5 Re3
51.h4 h5 52.Kf6 Kf8 53.Bc2 Re2 54.Bd1 Re1 55.Rd2 Rh1 56.Kg5 Rg1+ 57.Kf4 Ke7
58.Ke5 Re1+ 59.Be2 Rb1 60.f6+ Kf8 61.Ra2 Be8 62.b5 cxb5 63.Kd6 Re1 64.Bf3 b4
65.Bxd5 Rd1 66.Ra8 b3 67.f7 Rxd5+ 68.Kxd5 Kxf7 69.Ra3 Kf6 70.Kd4 Bf7 71.Ra7 Kf5
72.Rxb7 Be6 73.Kc3 Ke5 74.Rh7  1-0

[Event "9th Vasylyshyn Mem IM"]
[Site "Lviv UKR"]
[Date "2012.11.20"]
[Round "1"]
[White "Ozturk,Ku"]
[Black "Terletsky,O"]
[Result "1-0"]
[WhiteElo "2278"]
[BlackElo "2259"]

1.d4 Nf6 2.c4 g6 3.Nf3 Bg7 4.g3 O-O 5.Bg2 d6 6.O-O Nbd7 7.Nc3 e5 8.e4 c6
9.h3 Qb6 10.Re1 exd4 11.Nxd4 Ng4 12.Nce2 Nge5 13.b3 Nc5 14.Be3 a5 15.Rb1 Re8
16.a3 Qd8 17.f4 Ned7 18.Nc3 a4 19.b4 Nb3 20.Nce2 Nb6 21.Qd3 d5 22.cxd5 cxd5
23.Nxb3 axb3 24.Rxb3 Be6 25.e5 d4 26.Nxd4 Bxb3 27.Qxb3 Qd7 28.Ne2 Qe6 29.Qxe6 Rxe6
30.Nd4 Re7 31.Nb5 Nc4 32.Bc5 Rd7 33.Rc1 Nxa3 34.Nd6 Bf8 35.Bxb7 Rb8 36.Bd5 Nb5
37.Bc6 Rc7 38.Bxb5  1-0

[Event "22nd World Seniors Open"]
[Site "Kamena Vourla GRE"]
[Date "2012.11.21"]
[Round "8.18"]
[White "Zhelesny,S"]
[Black "Gutkin,B ISR"]
[Result "0-1"]
[WhiteElo "2127"]
[BlackElo "2289"]

1.d4 Nf6 2.Nf3 g6 3.c4 Bg7 4.g3 O-O 5.Bg2 d6 6.O-O Nc6 7.Nc3 a6 8.b3 Rb8
9.a4 Na5 10.Ba3 b6 11.Rc1 c5 12.Nd5 Be6 13.Nxf6+ Bxf6 14.d5 Bd7 15.b4 Nb7
16.Qc2 cxb4 17.Bxb4 Nc5 18.Bxc5 bxc5 19.Rb1 Qa5 20.h4 Qxa4 21.Qd3 Qa2 22.Nd2 Ba4
23.Be4 Bd7 24.h5 Kg7 25.Kg2 a5 26.Rh1 Rxb1 27.Rxb1 a4 28.Rh1 Qb2 29.Qe3 g5
30.h6+ Kh8 31.Rb1 Qc3 32.Rb7 Qxe3 33.fxe3 Rd8 34.Ra7 g4 35.Bc2 Bg5 36.Kf2 Bxh6
37.Bxa4 Bxa4 38.Rxa4 Kg8 39.Ra7 Kf8 40.Nb3 Bg5 41.Na5 f5 42.Nc6 Re8 43.Rd7 Ra8
44.Na7 Ke8 45.Rb7 Kf7 46.Rc7 Rb8 47.Nb5 Kf6 48.Rd7 h5 49.Ra7 Rh8 50.Rd7 h4
51.gxh4 Rxh4 52.Nxd6 exd6 53.Rxd6+ Kf7 54.Re6 Rh2+ 55.Kf1 Rh1+ 56.Kg2 Re1
57.Re5 Rxe2+ 58.Kf1 Rxe3 59.Rxf5+ Kg6 60.Rf8 Re4  0-1

[Event "ch-Commonwealth 2012"]
[Site "Chennai IND"]
[Date "2012.11.23"]
[Round "2"]
[White "Fominyh,A"]
[Black "Mohana,P"]
[Result "1-0"]
[WhiteElo "2456"]
[BlackElo "1982"]

1.d4 Nf6 2.c4 g6 3.g3 Bg7 4.Bg2 O-O 5.Nf3 d6 6.O-O c6 7.Nc3 Qa5 8.e4 Bg4
9.h3 Bxf3 10.Bxf3 e5 11.Be3 Nbd7 12.Qc2 exd4 13.Bxd4 c5 14.Be3 Ne5 15.Be2 Nc6
16.Rfd1 Rfd8 17.a3 Qc7 18.Rd2 Qc8 19.Kg2 Qe6 20.Rad1 h5 21.h4 a6 22.f3 Ne8
23.Bf1 Bd4 24.Bg5 Bf6 25.Nd5 Bxg5 26.hxg5 Nd4 27.Qc3 Rac8 28.Kh2 Qe5 29.f4 Qxe4
30.Bg2 Qe6 31.Rd3 Qd7 32.Re1 Ne6 33.Rde3 Rb8 34.Bh3 b5 35.Rxe6  1-0

[Event "Kilkenny Masters"]
[Site "Kilkenny IRL"]
[Date "2012.11.24"]
[Round "4.3"]
[White "Arkell,K"]
[Black "Healy,T"]
[Result "1-0"]
[WhiteElo "2462"]
[BlackElo "1983"]

1.d4 Nf6 2.Nf3 g6 3.c4 Bg7 4.g3 O-O 5.Bg2 d6 6.O-O Nbd7 7.d5 a5 8.Nd4 Nc5
9.Nc3 Bd7 10.h3 Qc8 11.Kh2 e5 12.dxe6 Nxe6 13.Nxe6 Bxe6 14.Nd5 Nxd5 15.cxd5 Bf5
16.e4 Bd7 17.Re1 Qd8 18.h4 Rc8 19.Bg5 Bf6 20.Qd2 Bxg5 21.hxg5 f6 22.gxf6 Qxf6
23.f4 Rfe8 24.Rac1 b6 25.Qc3 Qf8 26.e5 Qh6+ 27.Kg1 dxe5 28.fxe5 Bh3 29.e6 Bxg2
30.Kxg2 Qg5 31.Re5 Qe7 32.Re2 Qd6 33.Qe5 Rcd8 34.Rxc7 Qxd5+ 35.Qxd5 Rxd5
36.Rc6 b5 37.Ra6 b4 38.Ra7 Rd6 39.e7 Kf7 40.b3 Re6 41.Rf2+ Kg7 42.Rxa5 R8xe7
43.Rf4 Re4 44.Rxe4 Rxe4 45.Ra7+ Kf6 46.Rxh7 Re2+ 47.Kf3 Rxa2 48.Rb7 Rd2 49.Rxb4 Rd3+
50.Kg4 Rd5 51.Rb6+ Kg7 52.Kf4 Kh6 53.Rb4 Rf5+ 54.Kg4 Rg5+ 55.Kf3 Rf5+ 56.Rf4 Rb5
57.b4 Re5 58.Rc4 Rf5+ 59.Ke3 Rg5 60.g4 Re5+ 61.Kd4 Rg5 62.Kc3 Re5 63.Kb3 Re3+
64.Ka4 Re1 65.b5 Rb1 66.Ka5 Kg5 67.b6 Kf6 68.Rb4 Ra1+ 69.Kb5  1-0

[Event "62nd ch-HUN 2012"]
[Site "Heviz HUN"]
[Date "2012.11.25"]
[Round "4.3"]
[White "Prohaszka,P2"]
[Black "Szabo,Krisz1"]
[Result "1/2-1/2"]
[WhiteElo "2573"]
[BlackElo "2541"]

1.d4 Nf6 2.c4 g6 3.Nf3 Bg7 4.g3 O-O 5.Bg2 d6 6.Nc3 Nc6 7.O-O a6 8.Bf4 Rb8
9.Rc1 Bd7 10.Qd2 b5 11.Nd5 bxc4 12.Nxf6+ Bxf6 13.Bh6 Re8 14.Rxc4 e5 15.dxe5 Nxe5
16.Nxe5 Bxe5 17.b3 Bb5 18.Rcc1 c5 19.Rfd1 a5 20.e3 a4 21.Bf4 axb3 22.axb3 Qb6
23.Bxe5 dxe5 24.Qc3 Be2 25.Rd2 Bg4 26.Bd5 Be6 27.Qxc5 Bxd5 28.Rxd5 Qxc5 29.Rcxc5 Rxb3
30.Rxe5 Rxe5 31.Rxe5 h5 32.Kg2 Kg7 33.h3 Rb4 34.Kf3 Ra4 35.Rb5 Ra2 36.g4 hxg4+
37.hxg4 Ra4 38.Kg3 Ra2 39.e4 Ra3+ 40.Kf4 Ra7 41.Kg5 Re7 42.e5 Re8 43.f4 Re7
44.Kh4 Rc7 45.f5 gxf5 46.gxf5 Ra7 47.Kh5 Ra1 48.Rb7 Rh1+ 49.Kg5 Rg1+ 50.Kf4 Rf1+
51.Ke4 Re1+ 52.Kd5 Rf1 53.f6+ Kg6 54.Rb3 Ra1 55.Rg3+ Kf5 56.Kd6 Ra6+ 57.Ke7 Ra7+
58.Kf8 Kxe5 59.Kg7 Kf5 60.Rf3+ Ke6 61.Re3+ Kf5 62.Re7 Ra6 63.Rb7 Rc6 64.Rb5+ Ke6
65.Ra5 Rb6 66.Ra1 Rb7 67.Ra6+ Kf5 68.Ra8 Ke6 69.Re8+ Kf5 70.Re7 Rb6 71.Rxf7 Kg5
72.Rf8 Ra6 73.Rf7 Rb6  1/2-1/2

[Event "Kilkenny Masters"]
[Site "Kilkenny IRL"]
[Date "2012.11.25"]
[Round "6.2"]
[White "Arkell,K"]
[Black "Hebden,M"]
[Result "0-1"]
[WhiteElo "2462"]
[BlackElo "2540"]

1.d4 Nf6 2.Nf3 g6 3.c4 Bg7 4.g3 O-O 5.Bg2 d6 6.O-O Nc6 7.Nc3 Rb8 8.h3 a6
9.e4 b5 10.cxb5 axb5 11.Re1 e6 12.d5 Ne7 13.dxe6 Bxe6 14.Nd4 Bd7 15.Nd5 c5
16.Nxf6+ Bxf6 17.Nf3 Be6 18.Bh6 Bxb2 19.Bxf8 Kxf8 20.Rb1 Bg7 21.Qd2 Nc6 22.Ng5 Nd4
23.Nxh7+ Kg8 24.Ng5 Bxa2 25.Qxa2 Qxg5 26.h4 Qg4 27.e5 Bxe5 28.Qa7 Rf8 29.Rxe5 dxe5
30.Qxc5 Qe2 31.Bd5 Kg7 32.Ra1 Nf5 33.Ra7 e4 34.Bxf7 Qd1+ 35.Kh2 Qd6 36.Bd5+ Kh6
37.Qxd6 Nxd6 38.Kg2 g5 39.Re7 Kg6 40.hxg5 Kxg5 41.Re5+ Rf5 42.Rxf5+ Kxf5
43.Kf1 Ke5 44.Bg8 b4 45.Ke2 Nf5 46.Kd2 Kd4 47.Be6 Nd6 48.Kc2 Nb7 49.Bf7 Nc5
50.Bg8 Nd3 51.Bh7 Nxf2 52.Bg6 e3 53.Bh5 Ne4 54.Kb3 Nxg3 55.Bf3 Kc5 56.Kc2 e2
57.Kd2 Kd4 58.Bg4 b3 59.Be6 b2 60.Ba2 Ke4 61.Bb1+ Kf3 62.Ke1 Ke3 63.Bc2 Nf1  0-1

[Event "ch-Commonwealth 2012"]
[Site "Chennai IND"]
[Date "2012.11.26"]
[Round "6"]
[White "Visakh,NR"]
[Black "Nitin,S"]
[Result "0-1"]
[WhiteElo "2152"]
[BlackElo "2398"]

1.d4 Nf6 2.c4 g6 3.Nf3 Bg7 4.g3 O-O 5.Bg2 d6 6.Nc3 Nbd7 7.O-O c6 8.e4 e5
9.d5 Nc5 10.Qc2 a5 11.Be3 cxd5 12.cxd5 b6 13.h3 Ba6 14.Rfd1 Rc8 15.Ne1 Nfd7
16.h4 f5 17.Bg5 Qe8 18.Qd2 f4 19.gxf4 h6 20.fxe5 hxg5 21.e6 Ne5 22.Qxg5 Bf6
23.Qg3 Qe7 24.Nf3 Nxf3+ 25.Bxf3 Qg7 26.h5 Be5 27.Qg2 Rf6 28.Bg4 Rc7 29.f3 gxh5
30.Bxh5 Qxg2+ 31.Kxg2 Rg7+ 32.Bg4 Bxc3 33.bxc3 Be2 34.e5 dxe5 35.Kf2 Bxd1
36.Rxd1 Rxg4  0-1

[Event "Doroshkevicha Mem Open 2012"]
[Site "Sochi RUS"]
[Date "2012.11.27"]
[Round "2"]
[White "Barsamian,E"]
[Black "Varavin,V1"]
[Result "1/2-1/2"]
[WhiteElo "2234"]
[BlackElo "2449"]

1.d4 Nf6 2.c4 d6 3.Nf3 g6 4.g3 Bg7 5.Bg2 O-O 6.Nc3 Nbd7 7.O-O e5 8.e4 exd4
9.Nxd4 Re8 10.h3 Nc5 11.Re1 a5 12.Ndb5 Bd7 13.Bf4 h6 14.Nxc7 Qxc7 15.Bxd6 Qb6
16.e5 Bc6 17.Bxc5 Qxc5 18.Bxc6 bxc6 19.exf6 Rxe1+ 20.Qxe1 Bxf6 21.Ne4 Qd4
22.Nxf6+ Qxf6 23.b3 Qb2 24.Qc1 Qd4 25.Rb1 h5 26.h4 Rd8 27.Rb2 Rd6 28.Re2 Kg7
29.Qb2 Qxb2 30.Rxb2 Kf6 31.Kg2 Rd3 32.Kf1 Rc3 33.Ke1 Ke5 34.Ke2 Kd6 35.Kd2 Rf3
36.Kc1 Kc5 37.Rd2 a4 38.bxa4 Kxc4 39.Kb2 c5 40.Rc2+ Kb4 41.a3+ Rxa3 42.Rxc5 Rb3+
43.Ka2 Ra3+ 44.Kb2 Rb3+ 45.Ka2 Rf3 46.Rc2 Kxa4 47.Kb2 Kb4 48.Re2 Kc4 49.Kc2 Ra3
50.Re4+  1/2-1/2

[Event "ch-Commonwealth 2012"]
[Site "Chennai IND"]
[Date "2012.11.28"]
[Round "8"]
[White "Fominyh,A"]
[Black "Venkatesh,M"]
[Result "0-1"]
[WhiteElo "2456"]
[BlackElo "2520"]

1.d4 Nf6 2.c4 g6 3.Nf3 Bg7 4.g3 O-O 5.Bg2 d6 6.O-O Nc6 7.Nc3 a6 8.Re1 Rb8
9.Rb1 Bf5 10.e4 Bg4 11.Be3 Nd7 12.Ne2 e5 13.d5 Ne7 14.Nd2 Bxe2 15.Qxe2 f5
16.exf5 gxf5 17.Nf3 Ng6 18.Qc2 Qf6 19.b4 Rbe8 20.Rb3 f4 21.Bc1 Rf7 22.Nd4 Ndf8
23.Ne6 Bh6 24.Rf1 Rb8 25.Be4 Nxe6 26.dxe6 Rg7 27.Qd1 Ne7 28.c5 Qxe6 29.cxd6 cxd6
30.Rd3 Rd8 31.Qc2 fxg3 32.hxg3 Rc8 33.Bd5 Nxd5  0-1

[Event "ch-Commonwealth 2012"]
[Site "Chennai IND"]
[Date "2012.11.28"]
[Round "8"]
[White "Lakshmi Narayanan,M"]
[Black "Mohota,N"]
[Result "1/2-1/2"]
[WhiteElo "2107"]
[BlackElo "2342"]

1.d4 Nf6 2.Nf3 g6 3.c4 Bg7 4.g3 O-O 5.Bg2 d6 6.Nc3 Nbd7 7.O-O e5 8.Qc2 Re8
9.Rd1 c6 10.dxe5 dxe5 11.Nd2 Qe7 12.Nde4 Nxe4 13.Nxe4 Nc5 14.Nxc5 Qxc5 15.Be3 Qe7
16.Rd2 Bf5 17.Qa4 e4 18.Rad1 c5 19.h4 b6 20.Bg5 Qf8 21.Bf4 Bd4 22.e3 Bf6
23.Qc2 Qg7 24.Kh2 h6 25.Bh3 Bxh3 26.Kxh3 g5 27.hxg5 hxg5 28.Bd6 Qh7+ 29.Kg2 Qf5
30.Rg1 Qf3+ 31.Kf1 Kg7 32.g4 Rh8 33.Qd1 Qxd1+ 34.Rxd1 Bxb2 35.Ke2 Kg6 36.Bc7 Rac8
37.Rd7 Rhe8 38.Rgd1 Re6 39.a4 Bf6 40.R1d5 a6 41.Kd2 Kg7 42.Kc2 Rh8 43.Bg3 Rh1
44.Ra7 Kg6 45.Rxa6 Ra1 46.a5 bxa5 47.Rxe6 fxe6 48.Rxc5 a4 49.Ra5 Ra2+ 50.Kb1 Ra1+
51.Kc2 Ra2+ 52.Kb1 Ra1+ 53.Kc2 Ra2+  1/2-1/2

[Event "ch-Commonwealth 2012"]
[Site "Chennai IND"]
[Date "2012.11.30"]
[Round "10"]
[White "Adly,A"]
[Black "Nitin,S"]
[Result "1-0"]
[WhiteElo "2607"]
[BlackElo "2398"]

1.d4 Nf6 2.Nf3 g6 3.g3 Bg7 4.c4 d6 5.Bg2 O-O 6.O-O Nbd7 7.Nc3 e5 8.dxe5 dxe5
9.h3 Re8 10.Be3 c6 11.Nd2 Nf8 12.b4 Bf5 13.b5 Ne6 14.bxc6 bxc6 15.g4 Bxg4
16.hxg4 Nxg4 17.Nf3 Nxe3 18.Qxd8 Raxd8 19.fxe3 e4 20.Nxe4 Bxa1 21.Rxa1 Kg7
22.Kf2 f5 23.Nc3 Kf6 24.Rb1 Re7 25.Ne1 Rd6 26.Nd3 Rc7 27.e4 Rd4 28.exf5 gxf5
29.Rb4 h5 30.c5 h4 31.a3 Kg5 32.Ne5 Rf4+ 33.Nf3+ Kf6 34.e4 a5 35.e5+ Ke7
36.Rxf4 Nxf4 37.Bf1 Nd5 38.Ne2 Rb7 39.Nxh4 Rb2 40.Nxf5+ Ke6 41.Nd4+ Kxe5
42.Nxc6+ Ke4 43.Bg2+  1-0

[Event "3rd Bali Femenino Int"]
[Site "Benidorm ESP"]
[Date "2012.12.06"]
[Round "4.1"]
[White "Matnadze,A"]
[Black "Fidalgo Fernandez,L"]
[Result "1-0"]
[WhiteElo "2401"]
[BlackElo "2163"]

1.d4 Nf6 2.c4 g6 3.g3 Bg7 4.Bg2 O-O 5.Nf3 d6 6.O-O Nc6 7.Nc3 a6 8.d5 Na5
9.Nd2 c5 10.Rb1 Rb8 11.b3 b5 12.Bb2 bxc4 13.bxc4 Bh6 14.Ba1 Bd7 15.h3 Qc7
16.f4 Bg7 17.e4 e5 18.dxe6 Bxe6 19.Qe2 Rb4 20.f5 Bxc4 21.Nxc4 Nxc4 22.fxg6 hxg6
23.Rbc1 Nb6 24.Qxa6 Nh5 25.Nb5 Qb8 26.Bxg7 Ra4 27.Qxa4 Nxa4 28.Bxf8 Kxf8
29.Rb1 Nxg3 30.Rfe1 Nh5 31.Red1 c4 32.Nxd6 Qa7+ 33.Kh2 c3 34.Rb7 Qe3 35.Rxf7+ Kg8
36.Rc7 Qg3+ 37.Kh1 Nf4 38.Rc8+ Kh7 39.Rc7+ Kg8 40.Rc8+ Kh7 41.Rc7+ Kh6 42.Nf5+ gxf5
43.Rd6+ Ng6 44.Rcc6 f4 45.e5 f3 46.Rxg6+ Qxg6 47.Rxg6+ Kxg6 48.Bxf3 Kf5 49.Bd1 Nb2
50.Bc2+ Kxe5 51.Kg2 Nc4 52.Kf3 Na3 53.Bg6 c2 54.Bxc2 Nxc2 55.a4 Kf5 56.a5 Nb4
57.Ke3 Ke5 58.Kd2 Kd5 59.Kc3 Kc5 60.h4 Nc6 61.h5 Ne5 62.h6 Kb5 63.h7 Ng6
64.Kd4 Kxa5 65.Ke4  1-0

[Event "12th Porec Open"]
[Site "Porec CRO"]
[Date "2012.12.06"]
[Round "2.13"]
[White "Curko,Djanino"]
[Black "Kukurin,Luka"]
[Result "0-1"]
[WhiteElo "1463"]
[BlackElo "1802"]

1.d4 Nf6 2.c4 g6 3.g3 Bg7 4.Bg2 d6 5.Nf3 O-O 6.O-O Nbd7 7.Nc3 e5 8.dxe5 dxe5
9.e4 c6 10.b3 Qc7 11.Bb2 Rd8 12.Qc2 Nf8 13.Rad1 Bg4 14.Rxd8 Rxd8 15.Rd1 Bxf3
16.Bxf3 Ne6 17.Rxd8+ Qxd8 18.Ne2 Nd4 19.Nxd4 exd4 20.Qd3 Nd7 21.Bxd4 Ne5
22.Bxe5  0-1

[Event "4th London Classic Open"]
[Site "London ENG"]
[Date "2012.12.09"]
[Round "9"]
[White "D'Costa,L"]
[Black "Britton,R"]
[Result "1-0"]
[WhiteElo "2417"]
[BlackElo "2233"]

1.d4 Nf6 2.c4 g6 3.Nf3 Bg7 4.g3 O-O 5.Bg2 d6 6.O-O Nc6 7.Nc3 e5 8.e3 Re8
9.d5 Ne7 10.e4 Rf8 11.Ne1 Nd7 12.Nd3 f5 13.f4 exf4 14.Bxf4 h6 15.Qd2 Kh7
16.Rae1 fxe4 17.Nxe4 Nf6 18.Nxf6+ Rxf6 19.Be3 Rxf1+ 20.Rxf1 Nf5 21.Bf2 Bd7
22.Nf4 Qf6 23.b3 Re8 24.Qa5 Ne3 25.Bxe3 Rxe3 26.Qxc7 Re7 27.Ne6 Qe5 28.Qd8 Bxe6
29.Qxe7 Qd4+ 30.Kh1 Bf5 31.Qxd6 Bd3 32.Rd1 Qe3 33.Qf4  1-0

[Event "III ITT JAHV McGREGOR"]
[Site "Bogota COL"]
[Date "2012.12.12"]
[Round "2.42"]
[White "Sosa Florez,Luis Felipe"]
[Black "Ramirez,Ca COL"]
[Result "0-1"]
[WhiteElo "1783"]
[BlackElo "2310"]

1.d4 Nf6 2.c4 g6 3.Nf3 Bg7 4.g3 O-O 5.Bg2 d6 6.Nc3 Nc6 7.Bg5 h6 8.Bxf6 Bxf6
9.O-O Bg7 10.e3 a6 11.a3 e5 12.Rc1 Bg4 13.Ne2 exd4 14.Nexd4 Ne5 15.Qc2 Nxf3+
16.Nxf3 Re8 17.b4 Bf5 18.Qa2 Be4 19.Rfd1 Qe7 20.c5 Rad8 21.cxd6 Rxd6 22.Rxd6 Qxd6
23.Nh4 Bxg2 24.Kxg2 Rd8 25.Rc2 Qe7 26.Rd2 Rc8 27.Nf3 c6 28.Rc2 c5 29.Qb3 b5
30.bxc5 Rxc5 31.Rxc5 Qxc5 32.a4 b4 33.Qd3 Qc3 34.Qxc3 Bxc3  0-1

[Event "4th Penang Heritage City Open"]
[Site "Penang MAS"]
[Date "2012.12.14"]
[Round "8.43"]
[White "Kuich,Gero"]
[Black "Chan,Yi Meng Ryan"]
[Result "1-0"]
[WhiteElo "1817"]
[BlackElo "1685"]

1.d4 Nf6 2.c4 g6 3.Nf3 Bg7 4.g3 O-O 5.Bg2 d6 6.O-O Nbd7 7.Nc3 e5 8.e4 Nh5
9.b3 Re8 10.Bb2 Nf8 11.h3 h6 12.Qd2 g5 13.g4 Nf4 14.Rad1 N8e6 15.dxe5 dxe5
16.Qxd8 Rxd8 17.Rxd8+ Nxd8 18.Nb5 c6 19.Nd6 Nd3 20.Ba1 Ne6 21.Rd1 Nef4 22.Bf1 Nb4
23.Rd2 f6 24.c5 Ne6 25.Bc4 Kf8 26.Nxc8 Rxc8 27.Bxe6 Rc7 28.Bc4 Ke7 29.a3 Na6
30.Bxa6 bxa6 31.b4 Rd7 32.Rxd7+ Kxd7 33.Nd2 Bf8 34.Nc4 Be7 35.Kf1 Kc7 36.Ke2 Kb7
37.Kd3 Kc7 38.Bc3 Kd7 39.Na5 Bd8 40.Nc4 Be7 41.Ne3 Kc7 42.Kc4 Kc8 43.a4 Kb7
44.Nf5 Bf8 45.Bd2 Kc7 46.Be3 Kb7 47.Nd6+ Kb8 48.Nf5 Kc7 49.b5 axb5+ 50.axb5 cxb5+
51.Kxb5 Kd7 52.c6+ Kc7 53.Bxa7  1-0

[Event "III ITT JAHV McGREGOR"]
[Site "Bogota COL"]
[Date "2012.12.15"]
[Round "7.60"]
[White "Carrillo,Jose Antonio"]
[Black "Moyano,C"]
[Result "1/2-1/2"]
[WhiteElo "1868"]
[BlackElo "2084"]

1.d4 Nf6 2.c4 g6 3.g3 Bg7 4.Bg2 d6 5.Nf3 O-O 6.O-O c6 7.Nc3 Qa5 8.h3 Be6
9.Qd3 Qa6 10.b3 d5 11.Ne5 dxc4 12.bxc4 Nbd7 13.c5 Qxd3 14.Nxd3 Bc4 15.Rb1 Nd5
16.Nxd5 cxd5 17.Rxb7 Rfd8 18.Bg5 f6 19.Bd2 Nb8 20.Nf4 Nc6 21.Ne6 Rdb8 22.Rfb1 Kf7
23.Rxb8 Rxb8 24.Rxb8 Nxb8 25.Nxg7 Kxg7 26.a4 Nc6 27.e3 f5 28.f3 Kf6 29.Bc3 g5
30.e4 e6 31.Kf2 h6 32.exf5 exf5 33.Bf1 Bxf1 34.Kxf1 f4 35.g4  1/2-1/2

[Event "4th Penang Heritage City Open"]
[Site "Penang MAS"]
[Date "2012.12.15"]
[Round "9.10"]
[White "Udani,I"]
[Black "Wee Chu En,K"]
[Result "1/2-1/2"]
[WhiteElo "2340"]
[BlackElo "2048"]

1.d4 Nf6 2.Nf3 g6 3.c4 Bg7 4.g3 O-O 5.Bg2 d6 6.O-O c6 7.b3 Qa5 8.Bb2 Qh5
9.Nbd2 Bh3 10.e4 Nfd7 11.Re1 Bxg2 12.Kxg2 c5 13.Qc2 Nc6 14.e5 dxe5 15.dxe5 Ndxe5
16.Nxe5 Bxe5 17.Bxe5 Nxe5 18.Qe4 Nc6 19.Nf3 Rad8 20.Rad1 e6 21.Qf4 e5 22.Qe3 Rxd1
23.Rxd1 Nd4 24.Qe4 Qxf3+ 25.Qxf3 Nxf3 26.Kxf3 f6 27.Ke4 h5 28.Rd6 b6 29.a4 Kf7
30.Rd7+ Ke6 31.Rxa7 f5+ 32.Ke3 Rd8 33.Rg7 Kf6 34.Rb7 Rd6 35.h4 g5 36.hxg5+ Kxg5
37.Rg7+ Kf6 38.Rh7 Kg6 39.Rc7 Kg5 40.a5 e4 41.Ke2 bxa5 42.Rxc5 Rd3 43.Rb5 Rc3
44.c5 Kg4 45.Kd2 Rf3 46.c6 Rxf2+ 47.Kc3 Rf3+ 48.Kc4 Rf1 49.Rc5 Rc1+ 50.Kb5 Rxc5+
51.Kxc5 e3 52.c7 e2 53.c8=Q e1=Q 54.Qg8+ Kf3 55.Qf7 Qe5+ 56.Kb6 Kxg3 57.Qxh5 Qd5
58.Qg5+ Kf2 59.Qf4+ Ke2 60.Qh2+ Kd3 61.Qg3+ Kc2 62.Qf2+ Kd3 63.Qf1+ Ke3 64.Qe1+ Kf4
65.Qh4+ Ke5 66.Qh8+ Kf4 67.Qh4+ Ke5 68.Qe1+ Kd4 69.Qg1+ Kc3 70.Qc1+ Kb4 71.Qe1+ Ka3
72.Qc1+ Ka2 73.Qc2+ Ka1 74.Qc1+ Ka2 75.Qc2+ Ka3 76.Qc1+ Kb4 77.Qa1  1/2-1/2

[Event "11th IM Int"]
[Site "Sao Jose do Rio Preto BRA"]
[Date "2012.12.19"]
[Round "4.1"]
[White "Freitas,R"]
[Black "Della Morte,G"]
[Result "1-0"]
[WhiteElo "2279"]
[BlackElo "2325"]

1.d4 Nf6 2.c4 g6 3.Nf3 Bg7 4.g3 O-O 5.Bg2 d6 6.Nc3 Nbd7 7.O-O e5 8.e4 exd4
9.Nxd4 Re8 10.h3 a6 11.Re1 Rb8 12.a4 c6 13.a5 Ne5 14.b3 c5 15.Nde2 Nc6 16.Bf4 Bf8
17.Bg5 Be7 18.Ra2 Nb4 19.Ra1 Bd7 20.Bf4 Qc7 21.Qd2 Bf8 22.g4 Bc6 23.Ng3 Nd7
24.Re2 Ne5 25.Bh6 Be7 26.f4 Bh4 27.Nf5 gxf5 28.fxe5 dxe5 29.gxf5 f6 30.Bf3 Kh8
31.Rg2 Rg8 32.Be3 Rxg2+ 33.Bxg2 Rd8 34.Qe2 Rd3 35.Bxc5 Rxc3 36.Bxb4 Rxb3
37.Bd2 Qd6 38.Be3 Qd3 39.Qxd3 Rxd3 40.Bb6 Rc3 41.Rd1 Rxc4 42.Rd8+ Kg7 43.Rc8 Bg5
44.Rc7+ Kh6 45.Kf1 Rc2 46.Bf3 Ra2 47.Rf7 Ra3 48.Ke2 Bb5+ 49.Kf2 Ra2+ 50.Kg3 Be8
51.Bc5  1-0

[Event "23rd Metropolitan GM"]
[Site "Los Angeles USA"]
[Date "2012.12.22"]
[Round "7"]
[White "Ramirez,Alej"]
[Black "Matikozian,A"]
[Result "1/2-1/2"]
[WhiteElo "2554"]
[BlackElo "2426"]

1.d4 Nf6 2.c4 g6 3.g3 Bg7 4.Bg2 O-O 5.Nf3 d6 6.Nc3 c6 7.O-O Qa5 8.e4 e5 9.h3 Nbd7
10.Re1 exd4 11.Nxd4 Ne5 12.Bf1 Re8 13.Be3 Be6 14.Nxe6 Rxe6 15.Kg2 Rae8 16.c5 dxc5
17.f4 Ned7 18.e5 Nxe5 19.fxe5  1/2-1/2

[Event "5th Marseille Open"]
[Site "Marseille FRA"]
[Date "2012.12.26"]
[Round "1.7"]
[White "Friburger,Q"]
[Black "Demuth,A"]
[Result "0-1"]
[WhiteElo "1781"]
[BlackElo "2480"]

1.d4 Nf6 2.c4 g6 3.Nf3 Bg7 4.g3 O-O 5.Bg2 d6 6.O-O c6 7.Nc3 Qa5 8.e4 Bg4
9.Qc2 a6 10.Bd2 Nfd7 11.Ne2 Qd8 12.a4 a5 13.Be3 Na6 14.h3 Nb4 15.Qd2 Bxf3
16.Bxf3 c5 17.Bh6 Bxh6 18.Qxh6 Nc2 19.Rad1 Nxd4 20.Nxd4 cxd4 21.Rxd4 Qb6
22.Rfd1 Ne5 23.Be2 Rac8 24.Qc1 Qb3 25.f4 Nxc4 26.R1d3 Qb6 27.Kh2 Nxb2 28.Qb1 Nxa4
29.Qxb6 Nxb6 30.Rb3 Nc4 31.Rxb7 e5 32.fxe5 dxe5 33.Rd5 Ne3  0-1

[Event "5th Marseille Open"]
[Site "Marseille FRA"]
[Date "2012.12.26"]
[Round "1.23"]
[White "Massardo,Quentin"]
[Black "Netzer,Ja"]
[Result "0-1"]
[WhiteElo "1667"]
[BlackElo "2286"]

1.d4 Nf6 2.c4 g6 3.Nf3 Bg7 4.g3 O-O 5.Bg2 d6 6.O-O Nc6 7.Nc3 a6 8.e4 Bg4
9.h3 Bxf3 10.Bxf3 Nd7 11.Be3 e5 12.Ne2 Qf6 13.Bg4 Nb6 14.d5 Nd4 15.f4 Nxe2+
16.Qxe2 exf4 17.gxf4 Qxb2 18.Rab1 Qc3 19.Rfc1 Qf6 20.Qf2 Rfe8 21.Bf3 Rab8
22.Bg2 Bh6 23.c5 Na4 24.cxd6 cxd6 25.Rc4 b5 26.Rc6 Qe7 27.Rxa6 Nc3 28.Ra7 Qf6
29.Bd4 Qxd4 30.Qxd4 Ne2+ 31.Kf2 Nxd4 32.Rb4 Nc2 33.Rb2 Bg7 34.e5 Nd4 35.exd6 Nf5
36.d7 Red8 37.Rd2 Bd4+ 38.Rxd4 Nxd4 39.d6 Rb6 40.Bb7 Nc6  0-1